Systémová komformita štátnych intervencií na mezoekonomickej úrovni
Teória hodnotenia štátnych intervencií. Cieľová konformita, koncepčná konformita, systémová konformita. Mezoekonomická úroveň. Druhy konformít. Systémová kontrola štátnych intervencií. Stupne systémovej konformity. Hodnotenie systémovej konformity na príklade dotácií v lesnom hospodárstve.
Guardado en:
| Autor principal: | |
|---|---|
| Formato: | Capítulo de libro |
| Lenguaje: | eslovaco |
| Materias: | |
| Etiquetas: |
Sin Etiquetas, Sea el primero en etiquetar este registro!
|
MARC
| LEADER | 00000naa$a2200000$$$4500 | ||
|---|---|---|---|
| 001 | 0027544 | ||
| 005 | 20220317110144.6 | ||
| 041 | 0 | |a slo | |
| 044 | |a SK | ||
| 245 | 1 | 0 | |a Systémová komformita štátnych intervencií na mezoekonomickej úrovni |c Jaroslav Šálka |
| 520 | |a Teória hodnotenia štátnych intervencií. Cieľová konformita, koncepčná konformita, systémová konformita. Mezoekonomická úroveň. Druhy konformít. Systémová kontrola štátnych intervencií. Stupne systémovej konformity. Hodnotenie systémovej konformity na príklade dotácií v lesnom hospodárstve. | ||
| 610 | 2 | 0 | |a hospodárstvo lesné |
| 610 | 2 | 0 | |a dotácie |
| 610 | 2 | 0 | |a intervencie |
| 610 | 2 | 0 | |a štát |
| 610 | 2 | 0 | |a politika hospodárska |
| 100 | 1 | |a Šálka, Jaroslav | |